000 00627nam a2200229Ia 4500
003 OSt
005 20220923212005.0
006 a|||||r|||| 00| 0
007 ta
008 220922b |||||||| |||| 00| 0 hin d
024 _a78,209
037 _cTextual
040 _aARTS
_cARTS
_bhin
041 _2hin
_ahin
082 _aR693xM72,1, 152M2
100 _aआत्माराम
_9156277
245 0 _aजैन तत्त्व कलिका
246 _aJain tattva kalikā
260 _c1982
942 _hR693xM72,1, 152M2
_cTEXL
_2CC
999 _c305216
_d305216